El Principito y el piloto y las potencias naturales

Kaydedildi:
Detaylı Bibliyografya
Yazar: Saint-Exupéry, Antoine de (Yazar)
Materyal Türü: Kitap
Dil:İspanyolca
Baskı/Yayın Bilgisi: Santiago Pehuén 1984
Edisyon:1a. ed
Seri Bilgileri:Colección Moby Dick, 1
Konular:
Etiketler: Etiketle
Etiket eklenmemiş, İlk siz ekleyin!

MARC

LEADER 00000nam a2200000 a 4500
001 UCH5426
003 CL-VaPUC
008 091014e19840000CL |||||||||||||||||spa|d
082 0 4 |a 843  |b SAI  |2 21 
100 0 |a Saint-Exupéry, Antoine de  |e author  |9 315926 
245 1 3 |a El Principito y el piloto y las potencias naturales 
250 |a 1a. ed 
300 |a 157 p 
942 |c BK 
945 |d 20091014 00:00:00  |a lazolas 
260 |a Santiago  |b Pehuén  |c 1984 
650 0 |a Novela francesa  |9 264985 
583 |a last modification  |c 20160617 12:04:38  |k Rodrigo Vera 
490 0 |a Colección Moby Dick, 1 
999 |c 336566  |d 336564